[Event "EU-ch U12 Girls 30th"]
[Site "Antalya"]
[Date "2022.11.13"]
[Round "8"]
[White "Preobrazhenskaya, Diana"]
[Black "Goriachkina, Oksana"]
[Result "0-1"]
[WhiteElo "1930"]
[BlackElo "1694"]
[PlyCount "88"]
[EventDate "2022.11.06"]
[EventType "swiss"]
[EventRounds "9"]
[EventCountry "TUR"]
[SourceTitle "CBM 211 Extra"]
[Source "ChessBase"]
[SourceDate "2023.01.31"]
[SourceVersion "1"]
[SourceVersionDate "2023.01.31"]
[SourceQuality "1"]

1. e4 e6 2. d4 d5 3. e5 c5 4. c3 Qb6 5. Nf3 Nc6 6. a3 c4 7. Nbd2 Na5 8. Rb1 Bd7 9. Be2 Ne7 10. g3 h6 11. h4 0-0-0 12. Kf1 Kb8 13. Kg2 Qc7 14. Qe1 Nc8 15. b4 cxb3 16. Nxb3 Nxb3 17. Rxb3 Nb6 18. Qd2 Ba4 19. Rb1 Be7 20. Bd1 Bxd1 21. Rxd1 Rc8 22. Bb2 Nc4 23. Qf4 Rhf8 24. a4 Qa5 25. Nd2 Qxa4 26. Nxc4 Qxc4 27. Ra1 g5 28. hxg5 hxg5 29. Qg4 Rh8 30. Qf3 Rcf8 31. Rh1 Rxh1 32. Rxh1 Qa2 33. Bc1 Qc2 34. g4 a5 35. Qe3 a4 36. Bd2 a3 37. Ra1 Rh8 38. Rc1 Qh7 39. Qg3 Qe4+ 40. f3 Qe2+ 41. Kg1 Qxd2 42. Rf1 a2 43. Ra1 Qb2 44. Qe1 Qh2+ 0-1

[Event "Wch U12 Girls"]
[Site "Batumi"]
[Date "2022.09.23"]
[Round "7"]
[White "Ashotia, Barbare"]
[Black "Goriachkina, Oksana"]
[Result "0-1"]
[WhiteElo "1242"]
[BlackElo "1748"]
[PlyCount "112"]
[EventDate "2022.09.16"]
[EventType "swiss"]
[EventRounds "11"]
[EventCountry "GEO"]
[SourceTitle "EXT 2023"]
[Source "ChessBase"]
[SourceDate "2022.10.05"]
[SourceVersion "1"]
[SourceVersionDate "2022.10.05"]
[SourceQuality "1"]

1. e4 c6 2. d4 d5 3. Nc3 dxe4 4. Nxe4 Nf6 5. Nxf6+ exf6 6. c3 Be6 7. Bd3 Bd6 8. Ne2 Qc7 9. Qc2 g6 10. h3 Nd7 11. Be3 f5 12. c4 0-0 13. Bh6 Rfe8 14. 0-0 Nf6 15. Rad1 Rad8 16. Qc3 Nh5 17. Rfe1 f4 18. f3 Qe7 19. a3 Qf6 20. h4 Qxh4 21. d5 Bc5+ 22. Nd4 Qf6 23. Be4 Bf5 24. b4 Bxd4+ 25. Qxd4 Qxd4+ 26. Rxd4 cxd5 27. cxd5 f6 28. Rc1 Ng3 29. Re1 g5 30. Kf2 Bxe4 31. fxe4 Kf7 32. Rc4 Kg6 33. Bxg5 Kxg5 34. Kf3 Rxd5 35. Rc5 Rxc5 36. bxc5 Rxe4 37. Rxe4 Nxe4 38. Kxe4 Kg4 39. Kd5 Kg3 40. Kd6 Kxg2 41. Kc7 f3 42. Kxb7 f2 43. c6 f1Q 44. c7 Qc4 45. a4 f5 46. a5 f4 47. a6 f3 48. c8Q Qxc8+ 49. Kxc8 f2 50. Kb7 f1Q 51. Kxa7 h5 52. Kb7 Qxa6+ 53. Kxa6 h4 54. Kb5 h3 55. Kc4 h2 56. Kd4 h1Q 0-1

[Event "Wch U12 Girls"]
[Site "Batumi"]
[Date "2022.09.20"]
[Round "5"]
[White "Kalandadze, Mariam"]
[Black "Goriachkina, Oksana"]
[Result "1/2-1/2"]
[WhiteElo "1452"]
[BlackElo "1748"]
[PlyCount "166"]
[EventDate "2022.09.16"]
[EventType "swiss"]
[EventRounds "11"]
[EventCountry "GEO"]
[SourceTitle "EXT 2023"]
[Source "ChessBase"]
[SourceDate "2022.10.05"]
[SourceVersion "1"]
[SourceVersionDate "2022.10.05"]
[SourceQuality "1"]

1. Nf3 d5 2. c4 Nf6 3. e3 dxc4 4. Bxc4 e6 5. 0-0 c5 6. Nc3 a6 7. a4 b6 8. d4 Bb7 9. Qe2 Nbd7 10. Rd1 Qc7 11. d5 exd5 12. Nxd5 Nxd5 13. Bxd5 Bxd5 14. Rxd5 Nf6 15. Rd3 Be7 16. e4 Qc6 17. Bg5 h6 18. Bxf6 Qxf6 19. Rd5 0-0 20. Rad1 Rfd8 21. h3 Rxd5 22. Rxd5 Qc6 23. b3 a5 24. Qd3 Rc8 25. Nd2 Qf6 26. Nc4 Rd8 27. Rxd8+ Bxd8 28. e5 Qe7 29. Qd5 Bc7 30. f4 g6 31. Ne3 Kf8 32. Qc6 Bd8 33. Nd5 Qe6 34. Qa8 Qd7 35. Nxb6 Qd1+ 36. Kh2 Kg7 37. Qd5 Qc1 38. Qxd8 Qxf4+ 39. Kg1 Qc1+ 40. Kf2 Qb2+ 41. Kf1 Qa1+ 42. Ke2 Qxe5+ 43. Kd1 Qa1+ 44. Kc2 Qa2+ 45. Kc3 Qxg2 46. Qd3 Qc6 47. Nd7 Qb7 48. Kb2 Qg2+ 49. Ka3 f5 50. Qc3+ Kf7 51. Qf6+ Ke8 52. Qe6+ Kd8 53. Nxc5 Qd2 54. Qb6+ Ke7 55. Qc7+ Kf6 56. Nd7+ Ke6 57. Nf8+ Kf6 58. Qc6+ Kf7 59. Qxg6+ Kxf8 60. Qxf5+ Ke7 61. Qe5+ Kd7 62. Qb2 Qd6+ 63. Ka2 Kc7 64. Qc3+ Kb6 65. Qe3+ Ka6 66. Qe2+ Ka7 67. Qe3+ Ka6 68. h4 Qh2+ 69. Ka3 Qd6+ 70. Ka2 Qh2+ 71. Kb1 Qh1+ 72. Qc1 Qe4+ 73. Qc2 Qxh4 74. Qc6+ Ka7 75. Qc5+ Kb7 76. Qb5+ Kc8 77. Qxa5 Qe4+ 78. Kb2 Qe2+ 79. Ka3 Qe7+ 80. Ka2 Qe2+ 81. Ka3 Qe7+ 82. b4 Qe3+ 83. Kb2 Qd2+ 1/2-1/2

[Event "Wch U12 Girls"]
[Site "Batumi"]
[Date "2022.09.18"]
[Round "3"]
[White "Kush, Agniya"]
[Black "Goriachkina, Oksana"]
[Result "0-1"]
[WhiteElo "1131"]
[BlackElo "1748"]
[PlyCount "62"]
[EventDate "2022.09.16"]
[EventType "swiss"]
[EventRounds "11"]
[EventCountry "GEO"]
[SourceTitle "EXT 2023"]
[Source "ChessBase"]
[SourceDate "2022.10.05"]
[SourceVersion "1"]
[SourceVersionDate "2022.10.05"]
[SourceQuality "1"]

1. d4 d5 2. c4 dxc4 3. e4 Nf6 4. e5 Nd5 5. Bxc4 Nb6 6. Bd3 Nc6 7. Ne2 Bg4 8. f3 Bh5 9. Nbc3 e6 10. Be4 Qd7 11. 0-0 Rb8 12. Be3 Bg6 13. a3 Ne7 14. Rc1 c6 15. Qc2 Ned5 16. Bf2 Be7 17. b4 Bg5 18. Rcd1 Nc4 19. Nxd5 cxd5 20. Bxg6 hxg6 21. f4 Be7 22. Qb3 0-0 23. Rd3 Rfc8 24. Rfd1 a5 25. Nc3 axb4 26. axb4 Ra8 27. Be1 Ra3 28. Qb1 Rca8 29. Qc2 Bxb4 30. Nxd5 Qxd5 31. Bxb4 Ra2 0-1

[Event "Moscow op-B (Women) 18th"]
[Site "Moscow"]
[Date "2022.07.14"]
[Round "1"]
[White "Goltseva, Ekaterina"]
[Black "Goriachkina, Oksana"]
[Result "1-0"]
[WhiteElo "2284"]
[BlackElo "1637"]
[PlyCount "115"]
[EventDate "2022.07.14"]
[EventType "swiss"]
[EventRounds "9"]
[EventCountry "RUS"]
[SourceTitle "CBM 209 Extra"]
[Source "ChessBase"]
[SourceDate "2022.09.30"]
[SourceVersion "1"]
[SourceVersionDate "2022.09.30"]
[SourceQuality "1"]

1. d4 d5 2. c4 dxc4 3. Nf3 Nf6 4. e3 e6 5. Bxc4 c5 6. 0-0 a6 7. Bb3 b5 8. a4 c4 9. Bc2 Bb7 10. axb5 axb5 11. Rxa8 Bxa8 12. Qe2 Nbd7 13. e4 Be7 14. Nc3 Qb8 15. Bg5 Bb4 16. Bd2 Be7 17. Bg5 Bb4 18. Bb1 0-0 19. Bxf6 Nxf6 20. e5 Bxf3 21. Qxf3 Nd7 22. Qc6 Bxc3 23. bxc3 Rd8 24. Be4 Nb6 25. Qxb5 Nd5 26. Qxc4 Rc8 27. Qd3 Rxc3 28. Qd2 Rb3 29. Rc1 g6 30. Bxd5 exd5 31. h3 Rb1 32. Kh2 Rxc1 33. Qxc1 Qb3 34. Qc8+ Kg7 35. Qd7 Kg8 36. h4 Qa2 37. Qd8+ Kg7 38. Qf6+ Kg8 39. Qf4 Qe2 40. Kg3 Qd3+ 41. Qe3 Qf5 42. Qf3 Qd7 43. h5 gxh5 44. Qxh5 Qb5 45. Qg4+ Kf8 46. Qc8+ Kg7 47. Qc3 Qd7 48. Qf3 Qb5 49. Qe3 Qc4 50. f4 Qc8 51. Qf3 Qc4 52. Qg4+ Kf8 53. f5 Qd3+ 54. Kh2 Qe3 55. Qh4 Kg7 56. Qg3+ Qxg3+ 57. Kxg3 h6 58. Kf4 1-0

[Event "EU-ch Hybrid U12 Girls"]
[Site "Tornelo INT"]
[Date "2021.10.15"]
[Round "5"]
[White "Shukhman, Anna"]
[Black "Goriachkina, Oksana"]
[Result "1-0"]
[WhiteElo "2042"]
[BlackElo "1756"]
[PlyCount "85"]
[EventDate "2021.10.15"]
[EventType "swiss"]
[EventRounds "9"]
[EventCountry "NET"]
[SourceTitle "EXT 2023"]
[Source "ChessBase"]
[SourceDate "2022.10.05"]
[SourceVersion "1"]
[SourceVersionDate "2022.10.05"]
[SourceQuality "1"]
[WhiteTeam "Russia"]
[BlackTeam "Russia"]
[WhiteTeamCountry "RUS"]
[BlackTeamCountry "RUS"]

1. e4 e5 2. Nf3 Nf6 3. Nxe5 d6 4. Nf3 Nxe4 5. d4 d5 6. Bd3 Be7 7. 0-0 Nc6 8. c4 Nb4 9. Be2 Bf5 10. a3 Nc6 11. Nc3 Nxc3 12. bxc3 0-0 13. Bf4 Rc8 14. Re1 Re8 15. cxd5 Qxd5 16. c4 Qd7 17. d5 Na5 18. Ne5 Qd8 19. Qa4 b6 20. Bh5 Bg6 21. Bg4 f5 22. Bf3 Bd6 23. Re2 Bxe5 24. Bxe5 Qh4 25. Rae1 Re7 26. d6 cxd6 27. Bd5+ Bf7 28. Bf6 Rxe2 29. Rxe2 gxf6 30. Bxf7+ Kxf7 31. Qd7+ Kg6 32. Qxc8 Qxc4 33. Qe8+ Qf7 34. Qb8 Qc4 35. Re1 Qd5 36. h4 Nc4 37. Qe8+ Qf7 38. h5+ Kg7 39. Re7 Ne5 40. h6+ Kg6 41. Rxf7 Nxf7 42. Qg8+ Kxh6 43. Qxf7 1-0

[Event "Satka Autumn op (Women)"]
[Site "Satka"]
[Date "2021.09.03"]
[Round "4"]
[White "Goriachkina, Oksana"]
[Black "Matsenko, Elena"]
[Result "1/2-1/2"]
[WhiteElo "1616"]
[BlackElo "1739"]
[PlyCount "87"]
[EventDate "2021.08.31"]
[EventType "swiss"]
[EventRounds "9"]
[EventCountry "RUS"]
[SourceTitle "CBM 204 Extra"]
[Source "ChessBase"]
[SourceDate "2021.11.30"]
[SourceVersion "1"]
[SourceVersionDate "2021.11.30"]
[SourceQuality "1"]

1. d4 d5 2. c4 c6 3. Nd2 Nf6 4. Ngf3 e6 5. e3 Bd6 6. Bd3 0-0 7. 0-0 Nbd7 8. Re1 Re8 9. e4 dxe4 10. Nxe4 Nxe4 11. Bxe4 h6 12. Bc2 b6 13. b3 Bb7 14. Bb2 Nf8 15. Qd3 Qc7 16. Qc3 f6 17. h3 c5 18. Rad1 Rad8 19. Bb1 Qf7 20. Qe3 Qh5 21. Be4 Bxe4 22. Qxe4 cxd4 23. Rxd4 e5 24. Rd5 Bc5 25. Red1 Rxd5 26. Rxd5 Qf7 27. Ne1 Ne6 28. Nc2 Nf4 29. Rd1 a5 30. a3 Rc8 31. Ne3 Qf8 32. a4 Rd8 33. Nd5 Nxd5 34. cxd5 Qd6 35. Qf5 Re8 36. Qe4 Rc8 37. g3 Re8 38. Kg2 Re7 39. h4 f5 40. Qc4 f4 41. Qe4 fxg3 42. fxg3 Bb4 43. Rc1 Bc5 44. Re1 1/2-1/2